00589nam a2200157Ia 4500100002100000942000700021654001300028245004700041260005300088082001300141300000800154546001200162999001700174952012000191952012000311 aCharniak Eugene  cBK aComputer aIntroduction to Artifical Intelligence bADDISON-WESLEY PUBLICATION CO.aCaliforniac1984 a6.3bPAN a701 aENGLISH c19851d19851 001040708CRCaCRCEbCRCEd2023-03-17eglobal booksg507.20l0o6.3 PANp7132r2023-03-17v507.20w2023-03-17yBK 001040708CRCaCRCEbCRCEd2023-03-17eglobal booksg507.20l0o6.3 PANp7133r2023-03-17v507.20w2023-03-17yBK